| 000 | nam a22 7a 4500 | ||
|---|---|---|---|
| 999 |
_c23176 _d23176 |
||
| 008 | 170125b xxu||||| |||| 00| 0 eng d | ||
| 020 | _a0673149013 | ||
| 050 | _aQA 453 .G46 1984 | ||
| 100 | _aForesman, Scott. | ||
| 245 |
_aGeometry/ _cScott, Foresman, Christine R. Hirsch , Mary Ann Norton , Dwight O, Coblentz, Andrew J. Samide and Harold L. Schoen. |
||
| 250 | _a2nd ed. | ||
| 260 |
_aUSA: _bScott, Foresman and Company, _c1984. |
||
| 300 |
_a 628p. : _bill. ; _c24cm. |
||
| 504 | _aIncludes index. | ||
| 650 | _aGeometry. | ||
| 700 | _aHirsch, Christine R. | ||
| 700 | _aNorton, Mary Ann. | ||
| 700 | _aCoblentz, Dwight O. | ||
| 700 | _aSamide, Andrew J. | ||
| 700 | _aSchoen, Harold L. | ||
| 942 |
_2lcc _cBOOKS _hQA 453 .G46 1984 |
||